00205nam a2200061Ia 4500245002600000100007600026008004100102 0aBoodskap in die wind  a LINGUA, Susanna M. (Susanna Myburgh) Pretoria, 1992 Grootdrukuitg 210825s9999 xx 000 0 und d